000 00589nam a2200229Ia 4500
003 OSt
005 20220924142355.0
006 a|||||r|||| 00| 0
007 ta
008 220923b |||||||| |||| 00| 0 ben d
024 _a301729
037 _cTextual
040 _aARTS
_cARTS
_bben
041 _2ben
_aben
082 _aY:4:67,d262'M97, 157M3
100 _aRoychoudhuri
245 0 _aPolice reporte ramkrishna mission
260 _c1983
650 _aSOCIOLOGY
942 _hY:4:67,d262'M97, 157M3
_cTEXL
_2CC
999 _c450541
_d450541